Movies Quiz

Random Movies Quiz

Isla Fisher films Quiz Stats

 Plays Quiz not verified by Sporcle

Score 0/24 Timer 08:00
0 Plays Today
Hint Answer % Correct
She played Henley Reeves in 2013 with Jesse Eisenberg and Mark RuffaloNow You See Me
65.7%
She played Mary Jane in 2002 with Freddie Prinze jr. and Sarah Michelle GellarScooby Doo
60%
She played Gloria Cleary in 2005 with Owen Wilson and Vince VaughnWedding Crashers
51.4%
She played Rebecca Bloomwood in 2009 with Hugh Dancy and Krysten Ritter Confessions of a Shopaholic
51.4%
She voiced Beans in 2011 with Johnny Depp and Abigail BreslinRango
51.4%
She played Myrtle Wilson in 2013 with Leonardo DiCaprio and Carey Mulligan The Great Gatsby
48.6%
She voiced Dr. Mary Lou Larue in 2008 with Jim Carrey and Steve CarellHorton Hears a Who
40%
She voiced Tooth in 2012 with Chris Pine and Alec BaldwinRise of the Guardians
40%
She played April in 2008 with Ryan Reynolds and Abigail BreslinDefinitely Maybe
25.7%
She played Katie in 2012 with Rebel Wilson and Kirsten DunstBachelorette
20%
She played Luvlee in 2007 with Joseph Gordon-Levitt and Jeff DanielsThe Lookout
17.1%
She played Ginny Hawkins in 2010 with Simon Pegg and Andy SerkisBurke and Hare
17.1%
Hint Answer % Correct
She played Jodie Figgis in 2016 with Sasha Baron Cohen and Mark StrongGrimsby
16.7%
She played Katie in 2006 with Jason Biggs and Michael WestonWedding Daze
14.3%
She played Eveleigh Maddox in 2015 with Anson Mount and Gillian JacobsVisions
12.5%
She played Australian Girl 1 in 2000 with Sean Maguire and Clive RussellOut of Depth
11.4%
She played Kirsty in 2003 with Nick Giannopoulos and Russell DykstraCriminal Ways
11.4%
She played Kim in 2001 with Kristen Miller and James McAvoyThe Pool
8.6%
She played Heather in 2004 with Dustin Hoffman and Jude LawI Heart Huckabees
8.6%
She played Denise in 2007 with Andy Samberg and Ian McShaneHot Rod
8.6%
She played Melanie in 2013 with Jennifer Aniston and Tim RobbinsLife of Crime
8.6%
She played Redhead in 2003 with Jeff Goldblum and Selma BlairDallas 362
5.7%
She played Rebecca in 2005 with Chris Evans and Jessica BielLondon
5.7%
She played herself in 2015 with Casper Christiansen and Frank Hvan Klown Forever
4.2%

You're not logged in!

Compare scores with friends on all Sporcle quizzes.
OR
Log In

Sporcle TV

Today on Sporcle TV


Watch our educational content, quiz creation guides, and fun videos on Sporcle TV.

Show Comments

Extras

Created Dec 24, 2014ReportNominate
Tags:fisher

Top Quizzes Today


Score Distribution

Your Account Isn't Verified!

In order to create a playlist on Sporcle, you need to verify the email address you used during registration. Go to your Sporcle Settings to finish the process.

Report this User

Report this user for behavior that violates our Community Guidelines.

Details: